El juguete rabioso / (Registro nro. 95)
[ vista simple ]
| 000 -LEADER | |
|---|---|
| fixed length control field | 01696nam a22002057a 4500 |
| 003 - CONTROL NUMBER IDENTIFIER | |
| control field | OSt |
| 005 - DATE AND TIME OF LATEST TRANSACTION | |
| control field | 20260204144148.0 |
| 008 - FIXED-LENGTH DATA ELEMENTS--GENERAL INFORMATION | |
| fixed length control field | 231004s2017 ag ||||| |||| 00| f spa d |
| 020 ## - INTERNATIONAL STANDARD BOOK NUMBER | |
| International Standard Book Number | 978-987-377-7060-6 |
| 040 ## - CATALOGING SOURCE | |
| Language of cataloging | spa |
| Transcribing agency | AR-RoUNCS |
| 080 ## - UNIVERSAL DECIMAL CLASSIFICATION NUMBER | |
| Authority record control number or standard number | 82-31(82) |
| 100 1# - MAIN ENTRY--PERSONAL NAME | |
| Personal name | Arlt, Roberto |
| Dates associated with a name | (1900-1942), |
| Relator term | autor |
| 245 13 - TITLE STATEMENT | |
| Title | El juguete rabioso / |
| Statement of responsibility, etc. | Roberto Arlt ; prólogo Virginia Montero. |
| 250 ## - EDITION STATEMENT | |
| Edition statement | 1a ed. |
| 260 ## - PUBLICATION, DISTRIBUTION, ETC. | |
| Place of publication, distribution, etc. | Buenos Aires : |
| Name of publisher, distributor, etc. | Hernández, |
| Date of publication, distribution, etc. | 2017. |
| 300 ## - PHYSICAL DESCRIPTION | |
| Extent | 252 p. |
| 520 ## - SUMMARY, ETC. | |
| Summary, etc. | El juguete rabioso (1926), la primera novela moderna de la literatura argentina, pone en escena -señala Josefina Ludmer- el aprendizaje de una escritura. Esta edición, a cargo de Virginia Montero, prueba esa hipótesis al confrontar los capítulos anticipo de la novela y sus dos primeras ediciones (las únicas que se publicaron durante la vida de su autor). El cotejo y las anotaciones del texto que surgen de allí no obedecen a la policía crítica, sino a la curiosidad que permite revisar algunos lugares comunes alrededor de la figura de Arlt, y también de la literatura argentina. ¿Tan mal escribía Arlt? ¿Tan difícil fue su acceso a la publicación? ¿Qué escuchaban sus textos cuando hace hablar a sus personajes entre los ruidos de la ciudad moderna? La autobiografía humorística publicada en la revista Don Goyo pocos meses después del debut de Arlt como novelista terminan de definir el trabajo y el deseo de un escritor que, como todo artista, confiaba a la potencia de su hacer la posibilidad de construirlo todo desde la nada: un lenguaje, una obra, un nombre y hasta una biografía. [Nota del editor] |
| 650 ## - SUBJECT ADDED ENTRY--TOPICAL TERM | |
| Topical term or geographic name entry element | Literatura argentina |
| Form subdivision | Novelas |
| General subdivision | Siglo XX |
| 942 ## - ADDED ENTRY ELEMENTS (KOHA) | |
| Source of classification or shelving scheme | Universal Decimal Classification |
| Koha item type | Obra General |
| Suppress in OPAC | No |
| Withdrawn status | Lost status | Source of classification or shelving scheme | Damaged status | Not for loan | Collection | Home library | Current library | Date acquired | Total checkouts | Full call number | Barcode | Date last seen | Price effective from | Koha item type |
|---|---|---|---|---|---|---|---|---|---|---|---|---|---|---|
| Universal Decimal Classification | Colección General | Biblioteca Escuela de Ciencias Sociales | Biblioteca Escuela de Ciencias Sociales | 04/10/2023 | 82-31(82) AR725 | 000105 | 04/10/2023 | 04/10/2023 | Obra General |